Mario Character Quiz - Statistics

General Stats
  • This quiz has been taken 760 times
  • The average score is 25 of 38
Answer Stats
Hint Answer % Correct
Red Plumber Man Mario
99%
Green Plumber Man Luigi
96%
Small Red Baby Plumber Baby Mario
95%
Pink Princess of Mushroom Kingdom Peach
94%
Fat Yellow Plumber Man Wario
94%
Mushroom Guy That Always Loses Princess Toad
92%
Ridable Dinosaur Yoshi
92%
Small Green Baby Plumber Baby Luigi
91%
Orange Princess of Sarasland Daisy
91%
Skinny Purple Plumber Man Waluigi
91%
The Main Bad Guy Bowser
90%
Big Gorilla That Loves Barrels Donkey Kong
90%
Big Gorilla's Sidekick Diddy Kong
85%
The Main Bad Guys Son Bowser Jr.
84%
A Metal Version Of The Main Protagonist Metal Mario
84%
Pink, Egg Shooting, Dinosaur Thing Birdo
79%
Pink Mushroom Lady Toadette
79%
He's A Doctor Dr. Mario
76%
Little Brown Bad Guys Goomba
76%
Ghost Enemies Boo
75%
Creatures Made Of Bones Dry Bones
70%
King Of All Ghost King Boo
70%
Green Turtle Enemies Koopa Troopa
69%
Star Lady That Lives In Observantory Rosalina
69%
Bullet Type Enemies Bullet Bill
68%
Cloud Riding Dude Lakitu
61%
Walking Bombs Bob-omb
52%
Wizard Turtle Enemy Kamek
51%
Elderly Mushroom Man Toadsworth
50%
Group Of Seven Siblings That Closely Serve Bowser Koopalings
49%
The Head Piranha Plant Petey Piranha
41%
Water Shooting Machine F.L.U.D.D.
28%
Queen of The Bees Honey Queen
21%
Frog King, Ruler of Subcon Wart
20%
Female Magikoopa, "Brain Behind Bowser" Kammy Koopa
8%
Mario's Main Star Companion Baby Luma
7%
A Mechanical Genius Antagonist Fawful
6%
Caterpillar Enemy Wigglar
4%
No matching quizzes found
Score Distribution
Percent of People with Each Score
Percentile by Number Answered
Your Score History
You have not taken this quiz